[Event "29th Czech Open A 2018"]
[Site "Pardubice CZE"]
[Date "2018.07.28"]
[Round "9.1"]
[White "Jarmula, Lukasz"]
[Black "Movsesian, Sergei"]
[Result "1/2-1/2"]
[WhiteElo "2512"]
[BlackElo "2635"]
[EventDate "2018.07.21"]

1. d4 Nf6 2. c4 e6 3. Nf3 d5 4. Nc3 Bb4 5. Bg5 h6 6. Bxf6 Qxf6 7. e3 O-O 8.
Rc1 c6 9. a3 Bxc3+ 10. Rxc3 Nd7 1/2-1/2

[Event "29th Czech Open A 2018"]
[Site "Pardubice CZE"]
[Date "2018.07.28"]
[Round "9.2"]
[White "Neverov, Valeriy"]
[Black "Potapov, Pavel"]
[Result "1/2-1/2"]
[WhiteElo "2473"]
[BlackElo "2500"]
[EventDate "2018.07.21"]

1. d4 f5 2. Nf3 Nf6 3. g3 g6 4. b3 Bg7 5. Bb2 O-O 6. Bg2 d6 7. O-O Ne4 8.
Nbd2 Nc6 9. e3 Nxd2 10. Qxd2 e5 1/2-1/2

[Event "29th Czech Open A 2018"]
[Site "Pardubice CZE"]
[Date "2018.07.28"]
[Round "9.3"]
[White "Christiansen, Johan-Sebastian"]
[Black "Paravyan, David"]
[Result "1/2-1/2"]
[WhiteElo "2506"]
[BlackElo "2638"]
[EventDate "2018.07.21"]

1. e4 c5 2. Nf3 d6 3. d4 cxd4 4. Nxd4 Nf6 5. Nc3 a6 6. Be3 e6 7. g4 e5 8.
Nf5 g6 9. g5 gxf5 10. exf5 d5 11. gxf6 d4 12. Bc4 Qc7 13. Qd3 dxe3 14.
O-O-O 1/2-1/2

[Event "29th Czech Open A 2018"]
[Site "Pardubice CZE"]
[Date "2018.07.28"]
[Round "9.4"]
[White "Mozharov, Mikhail"]
[Black "Nasanjargal, Urtnasan"]
[Result "1/2-1/2"]
[WhiteElo "2542"]
[BlackElo "2454"]
[EventDate "2018.07.21"]

1. e4 c5 2. Nf3 d6 3. d4 cxd4 4. Qxd4 e5 5. Bb5+ Nd7 6. Qd3 a6 7. Bxd7+
Bxd7 8. Nc3 Rc8 9. Nd2 Qc7 10. Nf1 Be6 11. Ne3 Nf6 12. O-O Be7 13. a4 O-O
14. Rd1 Rfe8 15. Bd2 Qc5 16. Be1 h6 17. a5 Ng4 18. Ned5 Bxd5 19. Nxd5 Qxc2
20. Nxe7+ Rxe7 21. Qxd6 Re6 22. Qb4 Rc4 23. Qxb7 Rxe4 24. h3 Rf6 25. hxg4
Rxe1+ 26. Rxe1 Qxf2+ 1/2-1/2

[Event "29th Czech Open A 2018"]
[Site "Pardubice CZE"]
[Date "2018.07.28"]
[Round "9.5"]
[White "Schlosser, Philipp"]
[Black "Zakhartsov, Viacheslav V."]
[Result "1/2-1/2"]
[WhiteElo "2501"]
[BlackElo "2539"]
[EventDate "2018.07.21"]

1. Nf3 Nf6 2. g3 d5 3. Bg2 c6 4. O-O Bf5 5. c4 e6 6. cxd5 exd5 7. d3 Be7 8.
Qb3 Qb6 9. Qc2 O-O 10. Nc3 h6 11. e4 dxe4 12. dxe4 Bh7 13. Be3 Qa5 14. Rad1
Nbd7 15. a3 Rfe8 16. Nd4 Rad8 17. h3 Bf8 18. Bf4 Ne5 19. Nb3 Qc7 20. Rxd8
Qxd8 21. Rd1 Qc8 22. Qe2 Ned7 23. Nd2 Nd5 24. Nxd5 cxd5 25. Qb5 dxe4 26.
Nxe4 Bxe4 27. Qxd7 Bxg2 28. Kxg2 Qc2 29. Qxe8 Qxd1 30. Qe4 1/2-1/2

[Event "29th Czech Open A 2018"]
[Site "Pardubice CZE"]
[Date "2018.07.28"]
[Round "9.6"]
[White "Simacek, Pavel"]
[Black "Gonda, Laszlo"]
[Result "0-1"]
[WhiteElo "2490"]
[BlackElo "2534"]
[EventDate "2018.07.21"]

1. e4 e5 2. Nf3 Nc6 3. Nc3 Nf6 4. Bb5 Bc5 5. d3 d6 6. h3 Bd7 7. Bg5 h6 8.
Bxf6 Qxf6 9. Nd5 Qd8 10. c3 a6 11. Ba4 O-O 12. O-O f5 13. exf5 Bxf5 14. d4
Ba7 15. Re1 Kh8 16. Rc1 e4 17. Nd2 Qg5 18. Ne3 d5 19. Nxd5 Bxh3 20. Ne3 Rf4
21. Bc2 Re8 22. Nxe4 Rexe4 23. Bxe4 Rxe4 24. Qf3 Rh4 25. Nf1 Bd7 26. Qf7
Qh5 27. Qf8+ Kh7 28. Ng3 Qg6 29. Re3 Rg4 30. Rce1 Nxd4 31. cxd4 Bxd4 32.
Re8 Bxe8 33. Rxe8 Qb1+ 34. Nf1 Bf6 35. Qg8+ Kg6 36. Rf8 Rd4 37. Qf7+ Kg5
38. g3 Rd1 39. Kh2 Qc2 40. Qxf6+ gxf6 41. Rg8+ Kh5 42. Kh3 Rd3 43. Ne3 Rxe3
44. fxe3 f5 45. e4 Qxe4 0-1

[Event "29th Czech Open A 2018"]
[Site "Pardubice CZE"]
[Date "2018.07.28"]
[Round "9.7"]
[White "Swayams, Mishra"]
[Black "Shyam, Sundar M."]
[Result "1/2-1/2"]
[WhiteElo "2463"]
[BlackElo "2527"]
[EventDate "2018.07.21"]

1. d4 Nf6 2. Nf3 d5 3. Bf4 c5 4. e3 Nc6 5. Nbd2 cxd4 6. exd4 Bf5 7. c3 e6
8. Qb3 Bd6 9. Qxb7 Bxf4 10. Qxc6+ Kf8 11. g3 Bxd2+ 12. Nxd2 g5 13. Qa6 Kg7
14. Bd3 Bh3 15. Bf1 Bf5 16. Bd3 Bh3 17. Bf1 1/2-1/2

[Event "29th Czech Open A 2018"]
[Site "Pardubice CZE"]
[Date "2018.07.28"]
[Round "9.8"]
[White "Steinberg, Nitzan"]
[Black "Gasanov, Eldar"]
[Result "1/2-1/2"]
[WhiteElo "2521"]
[BlackElo "2475"]
[EventDate "2018.07.21"]

1. e4 d6 2. d4 g6 3. Nc3 Bg7 4. Be3 a6 5. a4 Nf6 6. Be2 O-O 7. Nf3 b6 8.
O-O e6 9. e5 dxe5 10. Nxe5 Bb7 11. Bf3 Qc8 12. Re1 Nbd7 13. Nc6 Re8 14. Bf4
Nb8 15. d5 Nxd5 16. Nxd5 Nxc6 17. Nxc7 Rd8 18. Qb1 Ra7 19. Bg4 Rd4 20. Qc1
Ne5 21. Nxe6 Nxg4 22. Nxg7 Kxg7 23. h3 Qc6 24. f3 Nf6 25. Be5 Rd8 26. Ra3
Rd5 27. Rc3 Rxe5 28. Rxc6 Rxe1+ 29. Qxe1 Bxc6 30. Qc3 Bxa4 31. g4 h6 32. h4
Re7 33. Qb4 Re6 34. Qxa4 a5 35. Qd4 Kf8 36. Kf2 h5 37. Kg3 Ke7 38. Qc4 Nd7
39. Qc8 Re5 40. c3 Rb5 41. b4 axb4 42. Qc4 Rc5 43. Qe4+ Re5 44. Qxb4+ Ke8
45. Qd4 Ke7 46. f4 Rc5 47. f5 hxg4 48. fxg6 fxg6 49. Qg7+ Ke6 50. Qxg6+ Nf6
51. Kf4 Rc4+ 52. Kg5 Rc5+ 53. Kf4 Rxc3 54. Qb1 g3 55. Qxb6+ Kf7 56. Qb7+
Kg6 57. Qb5 g2 58. Qg5+ Kf7 59. Qxg2 Rc4+ 60. Kf5 Rc5+ 61. Kf4 Rc4+ 62. Ke5
Rxh4 63. Qb7+ Kg6 64. Qb1+ Re4+ 65. Qxe4+ Nxe4 66. Kxe4 1/2-1/2

[Event "29th Czech Open A 2018"]
[Site "Pardubice CZE"]
[Date "2018.07.28"]
[Round "9.9"]
[White "Kozak, Adam"]
[Black "Noe, Christopher"]
[Result "0-1"]
[WhiteElo "2446"]
[BlackElo "2520"]
[EventDate "2018.07.21"]

1. Nf3 d5 2. g3 Nf6 3. Bg2 c6 4. O-O Bf5 5. c4 e6 6. d3 Be7 7. cxd5 exd5 8.
Qb3 Qb6 9. Qc2 Na6 10. a3 O-O 11. Nc3 h6 12. b4 Nb8 13. Na4 Qd8 14. Nc5 Qc8
15. Nb3 Bh3 16. Bb2 Bxg2 17. Kxg2 Nbd7 18. Rfe1 Re8 19. e4 Nf8 20. Bxf6
Bxf6 21. e5 Be7 22. d4 Qg4 23. h3 Qg6 24. Qxg6 fxg6 25. Red1 Ne6 26. Ne1 b6
27. Rac1 Rec8 28. Rc2 a5 29. bxa5 bxa5 30. a4 Rab8 31. Nc1 Rb4 32. Ne2 Rxa4
33. Nf3 Rb4 34. Rdc1 c5 35. Nc3 Rd8 36. dxc5 Bxc5 37. Na2 Ra4 38. Nc3 Rc4
39. Nd2 Rb4 40. Na2 Rb7 41. Nf3 Ba3 42. Rd1 d4 43. Ne1 a4 44. Nd3 Be7 45.
f4 Rb3 46. Rc4 Ra3 47. Rc2 Rb8 48. Ndc1 Kf7 49. Rdd2 Bd8 50. Kf2 Rbb3 51.
Nxb3 axb3 52. Rb2 Ba5 53. Rd3 Nc5 54. Rf3 d3 0-1

[Event "29th Czech Open A 2018"]
[Site "Pardubice CZE"]
[Date "2018.07.28"]
[Round "9.10"]
[White "Deepan, Chakkravarthy J."]
[Black "Yagupov, Igor"]
[Result "1/2-1/2"]
[WhiteElo "2519"]
[BlackElo "2349"]
[EventDate "2018.07.21"]

1. e4 c5 2. Nf3 e6 3. d4 cxd4 4. Nxd4 Nf6 5. Nc3 Nc6 6. Ndb5 d6 7. Bf4 e5
8. Bg5 a6 9. Na3 b5 10. Bxf6 gxf6 11. Nd5 f5 12. Bd3 Be6 13. c3 Bg7 14.
Nxb5 axb5 15. Bxb5 Bd7 16. exf5 O-O 17. O-O e4 18. a4 Re8 19. Re1 Kh8 20.
h3 Re5 21. Ne3 Ne7 22. Bxd7 Qxd7 23. f6 Bxf6 24. Ng4 Re6 25. Nxf6 Rxf6 26.
Qd4 Qf5 27. Rxe4 Nc6 28. Qe3 d5 29. Rg4 h6 30. a5 Ne5 31. Rh4 Kh7 32. b4
Rg8 33. Kh1 Nc4 34. Qd4 Qxf2 35. Qxf2 Rxf2 36. Rg4 Rxg4 37. hxg4 Rc2 38. a6
Rxc3 39. a7 1/2-1/2

[Event "29th Czech Open A 2018"]
[Site "Pardubice CZE"]
[Date "2018.07.28"]
[Round "9.11"]
[White "Kobo, Ori"]
[Black "Salimova, Nurgyul"]
[Result "1-0"]
[WhiteElo "2508"]
[BlackElo "2317"]
[EventDate "2018.07.21"]

1. Nf3 Nf6 2. g3 d5 3. Bg2 e6 4. c4 Be7 5. O-O O-O 6. d4 dxc4 7. Ne5 Qd6 8.
Na3 Qa6 9. Naxc4 Rd8 10. b3 c5 11. Bb2 Nc6 12. Nxc6 bxc6 13. Qc2 cxd4 14.
Rfd1 Bb7 15. Bxd4 c5 16. Bxb7 Qxb7 17. Bxf6 Bxf6 18. Rac1 Be7 19. Nb2 Rac8
20. Qc4 Qb8 21. Qe4 h6 22. h4 Qb5 23. Rxd8+ Rxd8 24. Nd3 Qb6 25. Rc4 Rd5
26. Kg2 Bf6 27. Ra4 Qb8 28. Qc4 Qa8 29. Qe4 Qb8 30. Kh2 Bd4 31. Rc4 Qd8 32.
Kg2 Qd6 33. Rc2 g6 34. Nf4 Re5 35. Qa8+ Kg7 36. Rd2 Qf8 37. Qb7 g5 38. hxg5
hxg5 39. Nh5+ Kg6 40. g4 f5 41. e3 fxg4 42. exd4 Rd5 43. Ng3 Qf3+ 44. Kf1
cxd4 45. Qc6 Kf7 46. Re2 Qf6 47. Qb7+ Kg6 48. Qa6 Kf7 49. Qxa7+ Kg6 50. Qa6
Kf7 51. Qb7+ Kg6 52. Qc8 Kf7 53. Rc2 Rd8 54. Qb7+ Kg6 55. Qe4+ 1-0

[Event "29th Czech Open A 2018"]
[Site "Pardubice CZE"]
[Date "2018.07.28"]
[Round "9.12"]
[White "Van Foreest, Jorden"]
[Black "Piscopo, Pierluigi"]
[Result "1-0"]
[WhiteElo "2640"]
[BlackElo "2389"]
[EventDate "2018.07.21"]

1. e4 c5 2. Nf3 Nc6 3. Bb5 g6 4. Bxc6 bxc6 5. d4 Bg7 6. dxc5 Nf6 7. e5 Ng4
8. O-O Nxe5 9. Nxe5 Bxe5 10. Re1 Bg7 11. Qd6 Kf8 12. Qg3 Ba6 13. Nc3 Bc4
14. Qh4 Be6 15. Bh6 Bxh6 16. Qxh6+ Kg8 17. Ne2 Qf8 18. Qd2 h6 19. Nd4 Kh7
20. Re3 Qg7 21. Rae1 a5 22. a4 Rhb8 23. b3 Ra7 24. Re4 Qf6 25. Rf4 Qg7 26.
h4 Raa8 27. Nxe6 dxe6 28. Qd7 e5 29. Rfe4 Rd8 30. Qxc6 Rac8 31. Qb6 Rd2 32.
c3 e6 33. Qxa5 Qf6 34. R4e2 Rxe2 35. Rxe2 Rd8 36. c4 Rd3 37. Re3 e4 38. Qe1
Qd4 39. Rxe4 Qxc5 40. Re3 Rd4 41. g3 Qd6 42. Qe2 Rd2 43. Qf3 Kg7 44. Kg2
Qd4 45. Qe4 Qa7 46. Rf3 Rd4 47. Qe5+ Kg8 48. Qf6 Rd7 49. h5 1-0

[Event "29th Czech Open A 2018"]
[Site "Pardubice CZE"]
[Date "2018.07.28"]
[Round "9.13"]
[White "Stocek, Jiri"]
[Black "Bakalchuk, Johnatan"]
[Result "1/2-1/2"]
[WhiteElo "2586"]
[BlackElo "2429"]
[EventDate "2018.07.21"]

1. d4 Nf6 2. Nf3 g6 3. c4 Bg7 4. Nc3 O-O 5. e4 d6 6. Be2 c5 7. d5 e6 8. Be3
Re8 9. Nd2 Na6 10. O-O Nc7 11. a4 Rb8 12. h3 b6 13. Qc2 a6 14. Rab1 Nd7 15.
b4 cxb4 16. Rxb4 a5 17. Rbb1 Nc5 18. Nb3 N7a6 19. Nxc5 dxc5 20. Rbd1 Nb4
21. Qc1 Qf6 22. Bf4 Qxc3 23. Qxc3 Bxc3 24. Bxb8 Ba6 25. Bc7 exd5 26. Bxb6
Rxe4 27. Bf3 Re6 28. Bxc5 Bxc4 29. Bxb4 axb4 30. Bxd5 Bxd5 31. Rxd5 Ra6 32.
a5 b3 33. Rd3 Bxa5 34. Rxb3 Rf6 35. g4 h6 36. Kg2 Kg7 37. Rfb1 Bc7 38. Rb7
Be5 39. Rd1 Rf4 40. Rbd7 Rf6 41. R1d5 Re6 42. Rb7 Bf4 43. Rdd7 Rf6 44. Ra7
Bg5 45. Ra4 Bf4 46. Ra8 Be5 47. Rdd8 Rf4 48. Rh8 Bd4 49. f3 Be3 50. Rhg8+
Kf6 51. Ra6+ Ke7 52. Ra3 Bc5 53. Rc3 Bb6 54. Rb3 Bc7 55. Rh8 Kf6 56. Rc8
Be5 57. Rb5 Rd4 58. Rc2 Bd6 59. h4 Kg7 60. h5 gxh5 61. Rxh5 Kg6 62. Rc6
Rd2+ 63. Kf1 Kg7 64. Rf5 f6 65. Rb5 Be5 66. Ke1 Rh2 67. Rd5 Bg3+ 68. Kd1
Be5 69. Rc2 Rh3 70. Ke2 Kg6 71. Rc4 Rh2+ 72. Ke3 Rh3 73. Rc6 Bb2 74. Rb5
Ba1 75. Rb7 h5 76. Rc1 Be5 77. Ke4 hxg4 78. f4 Rc3 79. f5+ Kg5 80. Rg7+ Kh4
81. Rg1 Rc4+ 82. Kd5 Ra4 83. Rg8 Ra5+ 84. Kc6 Ra4 85. Kb5 Rd4 86. Kc5 Ra4
87. Kd5 Ra5+ 88. Ke6 Ra6+ 89. Kf7 Ra7+ 90. Ke6 1/2-1/2

[Event "29th Czech Open A 2018"]
[Site "Pardubice CZE"]
[Date "2018.07.28"]
[Round "9.14"]
[White "Haldorsen, Benjamin"]
[Black "Nguyen, Thai Dai Van"]
[Result "0-1"]
[WhiteElo "2423"]
[BlackElo "2546"]
[EventDate "2018.07.21"]

1. e4 e6 2. d4 d5 3. Nc3 Bb4 4. e5 c5 5. a3 Bxc3+ 6. bxc3 Qa5 7. Bd2 Qa4 8.
Qg4 Kf8 9. Qd1 b6 10. Nf3 Ba6 11. Bd3 Nd7 12. h4 Ne7 13. h5 h6 14. Rh4 Bxd3
15. cxd3 Qxd1+ 16. Kxd1 c4 17. dxc4 dxc4 18. a4 Nd5 19. Kc2 a6 20. Bc1 Kg8
21. Nd2 Kh7 22. Nxc4 Rhc8 23. Nd6 Rxc3+ 24. Kd2 f6 25. Bb2 Rc7 26. Ra3 Rf8
27. Rf3 b5 28. a5 Nb8 29. Re4 Nc6 30. exf6 Rxf6 31. Rxf6 Nxf6 32. Rxe6 Nxa5
33. g4 Rc6 34. d5 Rxd6 35. Bxf6 Nc4+ 36. Kc3 Rxe6 0-1

[Event "29th Czech Open A 2018"]
[Site "Pardubice CZE"]
[Date "2018.07.28"]
[Round "9.15"]
[White "Potapov, Alexander"]
[Black "Debashis, Das"]
[Result "0-1"]
[WhiteElo "2404"]
[BlackElo "2529"]
[EventDate "2018.07.21"]

1. d4 Nf6 2. c4 e6 3. Nc3 Bb4 4. g3 Bxc3+ 5. bxc3 O-O 6. Bg2 d6 7. Nf3 Nc6
8. O-O e5 9. d5 Na5 10. Nd2 b6 11. Re1 Ba6 12. Qa4 Qe8 13. Qb4 e4 14. e3
Qe5 15. Bf1 Bc8 16. f4 exf3 17. Nxf3 Qh5 18. Nd4 Bh3 19. Bd3 Nd7 20. a4 Ne5
21. Be2 Bg4 22. Bf1 c5 23. dxc6 Naxc6 24. Qb2 Nxd4 25. cxd4 Nf3+ 26. Kf2
Qxh2+ 27. Bg2 Nxe1 28. Kxe1 Qg1+ 29. Bf1 Bh3 30. Qf2 Qh1 31. Ba3 Bxf1 32.
Qxf1 Qc6 0-1

[Event "29th Czech Open A 2018"]
[Site "Pardubice CZE"]
[Date "2018.07.28"]
[Round "9.16"]
[White "Praggnanandhaa, R"]
[Black "Kraus, Tomas"]
[Result "1-0"]
[WhiteElo "2529"]
[BlackElo "2442"]
[EventDate "2018.07.21"]

1. Nf3 Nf6 2. g3 g6 3. b3 b6 4. Bb2 Bb7 5. Bg2 Bg7 6. O-O O-O 7. c4 c5 8.
Nc3 d5 9. Nxd5 Nxd5 10. Bxg7 Kxg7 11. cxd5 Qxd5 12. d4 Na6 13. dxc5 Nxc5
14. Qc2 Qf5 15. Qxf5 gxf5 16. Nd4 Bxg2 17. Kxg2 Kf6 18. Rfd1 Rac8 19. Nb5
a6 20. Nc3 e6 21. b4 Nb7 22. Na4 Rc6 23. Rd7 b5 24. Nb2 Nd6 25. Nd3 Rfc8
26. a4 bxa4 27. Rxa4 Ne4 28. Ra5 Nc3 29. Nc5 Nd5 30. Rb7 R8c7 31. Rxc7 Nxc7
32. e4 Kg6 33. exf5+ exf5 34. Nd3 Rb6 35. Rc5 Ne6 36. Rd5 Kf6 37. Rd7 Rb8
38. f4 h6 39. Kh3 Ra8 40. Ne5 Nd8 41. Kh4 Ke6 42. Rd2 Nb7 43. Nxf7 Kxf7 44.
Rd7+ Kg6 45. Rxb7 a5 46. Rb6+ Kg7 47. bxa5 Rxa5 48. Kh5 Ra2 49. Rg6+ Kf7
50. Kxh6 Rxh2+ 51. Kg5 Ra2 52. Rf6+ 1-0

[Event "29th Czech Open A 2018"]
[Site "Pardubice CZE"]
[Date "2018.07.28"]
[Round "9.17"]
[White "Pulpan, Jakub"]
[Black "Hasangatin, Ramil"]
[Result "1/2-1/2"]
[WhiteElo "2386"]
[BlackElo "2497"]
[EventDate "2018.07.21"]

1. e4 Nc6 2. Nf3 d6 3. d4 Nf6 4. Nc3 g6 5. Be2 Bg7 6. O-O O-O 7. d5 Nb8 8.
h3 c6 9. a4 a5 10. Be3 Na6 11. Qd2 Nb4 1/2-1/2

[Event "29th Czech Open A 2018"]
[Site "Pardubice CZE"]
[Date "2018.07.28"]
[Round "9.18"]
[White "Stany, G.A."]
[Black "Garayev, Kanan"]
[Result "1/2-1/2"]
[WhiteElo "2483"]
[BlackElo "2300"]
[EventDate "2018.07.21"]

1. e4 e5 2. Nf3 Nc6 3. Bb5 a6 4. Ba4 b5 5. Bb3 Nf6 6. O-O Bb7 7. Re1 Be7 8.
c3 O-O 9. d4 d6 10. Nbd2 exd4 11. cxd4 Na5 12. Bc2 c5 13. Nf1 d5 14. e5 Ne4
15. Ng3 Nxg3 16. hxg3 c4 17. Nh2 Nc6 18. Be3 f5 19. f4 Bc8 20. Rf1 Qb6 21.
g4 fxg4 22. Nxg4 Bxg4 23. Qxg4 Nxd4 24. Bxd4 Qxd4+ 25. Kh1 Qd2 26. Rac1 Bc5
27. Qe6+ Kh8 28. Qh3 g6 29. Bxg6 Ra7 30. Rcd1 1/2-1/2

[Event "29th Czech Open A 2018"]
[Site "Pardubice CZE"]
[Date "2018.07.28"]
[Round "9.19"]
[White "Rakesh, Kumar Jena"]
[Black "Merry, Alan B"]
[Result "1-0"]
[WhiteElo "2385"]
[BlackElo "2462"]
[EventDate "2018.07.21"]

1. Nf3 c5 2. e4 e6 3. g3 Nc6 4. Bg2 Nf6 5. Nc3 e5 6. O-O d6 7. d3 g6 8. Nd2
Bg7 9. Nc4 O-O 10. f4 Bg4 11. Qe1 Nd4 12. fxe5 dxe5 13. Bg5 h6 14. Bxf6
Bxf6 15. Nd5 Bg7 16. Nce3 Be6 17. c3 Nc6 18. g4 Ne7 19. Qg3 Nxd5 20. exd5
Bd7 21. Be4 Qb6 22. Rf2 Qa6 23. h4 b5 24. h5 Rab8 25. Raf1 c4 26. g5 hxg5
27. Qxg5 f5 28. hxg6 f4 29. Qh5 Rf6 30. d4 Be8 31. Ng4 Rxg6 32. Bxg6 Bxg6
33. Qg5 Bd3 34. dxe5 Bxf1 35. Nf6+ 1-0

[Event "29th Czech Open A 2018"]
[Site "Pardubice CZE"]
[Date "2018.07.28"]
[Round "9.20"]
[White "Drozdowski, Kacper"]
[Black "Drnovsek, Gal"]
[Result "1-0"]
[WhiteElo "2455"]
[BlackElo "2414"]
[EventDate "2018.07.21"]

1. c4 Nf6 2. Nc3 e6 3. e4 c5 4. g3 d5 5. e5 d4 6. exf6 dxc3 7. bxc3 Qxf6 8.
Bg2 Nd7 9. Nf3 Bd6 10. O-O O-O 11. Rb1 Nb6 12. d4 Nxc4 13. Qa4 Qf5 14. Rb3
Qd3 15. Ne1 Qd1 16. Qxc4 Qxc1 17. dxc5 Be7 18. c6 b5 19. Qxb5 a5 20. Nd3
Qd2 21. Rb2 Qxc3 22. Rc1 Qd4 23. c7 Ra7 24. Qb6 Qxb6 25. Rxb6 f6 26. Nf4
Kf7 27. Ne2 Ra6 28. Rb8 Rd6 29. Rxc8 Rxc8 30. Bb7 Rf8 31. c8=Q Rxc8 32.
Bxc8 Rd2 33. Nf4 1-0

[Event "29th Czech Open A 2018"]
[Site "Pardubice CZE"]
[Date "2018.07.28"]
[Round "9.21"]
[White "Punin, Andrii"]
[Black "Sengupta, Deep"]
[Result "0-1"]
[WhiteElo "2296"]
[BlackElo "2565"]
[EventDate "2018.07.21"]

1. Nf3 Nf6 2. c4 e6 3. Nc3 d5 4. d4 Bb4 5. Qa4+ Nc6 6. e3 O-O 7. Bd2 dxc4
8. Bxc4 a6 9. Qc2 Bd6 10. a3 e5 11. dxe5 Nxe5 12. Nxe5 Bxe5 13. f4 Bd6 14.
O-O-O Ng4 15. Rde1 b5 16. Bd5 Rb8 17. h3 Nf6 18. Bf3 b4 19. axb4 c5 20.
bxc5 Bxc5 21. g4 Be6 22. g5 Nd7 23. Bg4 Bb3 24. Qd3 Ba3 25. bxa3 Qe7 26.
Nb1 Nc5 27. Qd4 Rfd8 28. Bb4 Rxd4 29. exd4 Nd3+ 30. Kd2 Qc7 31. Kxd3 Qc2+
32. Ke3 Re8+ 33. Kf3 Bd5+ 34. Kg3 Qg2+ 35. Kh4 Qf2+ 36. Kh5 g6+ 0-1

[Event "29th Czech Open A 2018"]
[Site "Pardubice CZE"]
[Date "2018.07.28"]
[Round "9.22"]
[White "Popov, Mikhail"]
[Black "Bernadskiy, Vitaliy"]
[Result "1/2-1/2"]
[WhiteElo "2404"]
[BlackElo "2586"]
[EventDate "2018.07.21"]

1. c4 e5 2. g3 h5 3. h3 Nc6 4. Nc3 Bc5 5. Bg2 a6 6. e3 d6 7. Nge2 h4 8. g4
f5 9. d4 Ba7 10. gxf5 Bxf5 11. d5 Nce7 12. e4 Bd7 13. Bg5 Nf6 14. f4 Ng6
15. f5 Ne7 16. Qd2 b5 17. cxb5 axb5 18. b4 Nc8 19. Qd3 Rb8 20. Bf3 Kf8 21.
Rc1 c6 22. dxc6 Bxc6 23. Nd1 Ne7 24. Ne3 Bxe3 25. Qxe3 d5 26. exd5 Bxd5 27.
Qxe5 Qb6 28. Be3 Nd7 29. Qf4 Qf6 30. Bd4 Qf7 31. Rg1 Rh7 32. Bxd5 Nxd5 33.
Qd6+ Kg8 34. Qxb8+ Nxb8 35. Rc8+ Qf8 36. Rxf8+ Kxf8 37. Bc5+ Kf7 38. Nd4
Na6 39. Ne6 Kf6 40. Bd4+ Kxf5 41. Nxg7+ Ke4 42. Rg4+ Kf3 43. a3 Nf4 44. Bf6
Nxh3 45. Rxh4 Rxh4 46. Bxh4 Nf4 1/2-1/2

[Event "29th Czech Open A 2018"]
[Site "Pardubice CZE"]
[Date "2018.07.28"]
[Round "9.23"]
[White "Vorobiov, Evgeny E."]
[Black "Yankelevich, Lev"]
[Result "1-0"]
[WhiteElo "2564"]
[BlackElo "2411"]
[EventDate "2018.07.21"]

1. d4 Nf6 2. c4 g6 3. Nc3 d5 4. cxd5 Nxd5 5. Bd2 Nb6 6. Bf4 Bg7 7. Nf3 O-O
8. e3 c5 9. dxc5 Bxc3+ 10. bxc3 Qxd1+ 11. Rxd1 N6d7 12. Bb5 Nc6 13. Nd4
Nde5 14. Ke2 Rd8 15. Bxc6 Nxc6 16. Nxc6 Rxd1 17. Nxe7+ Kf8 18. Nxg6+ hxg6
19. Rxd1 Be6 20. a3 Rc8 21. e4 Ke8 22. Be3 Bc4+ 23. Kf3 Ke7 24. h4 Be6 25.
g4 Rc6 26. Rd6 Rc8 27. e5 f6 28. exf6+ Kxf6 29. Kf4 Ke7 30. Kg5 b6 31. cxb6
Kxd6 32. b7 1-0

[Event "29th Czech Open A 2018"]
[Site "Pardubice CZE"]
[Date "2018.07.28"]
[Round "9.24"]
[White "Plat, Vojtech"]
[Black "Biriukov, Nikolai"]
[Result "0-1"]
[WhiteElo "2543"]
[BlackElo "2398"]
[EventDate "2018.07.21"]

1. d4 Nf6 2. c4 g6 3. g3 c5 4. Nf3 Bg7 5. Bg2 cxd4 6. Nxd4 Nc6 7. O-O O-O
8. Nc3 Nxd4 9. Qxd4 d6 10. Qd3 Qa5 11. Nb5 Bf5 12. e4 Be6 13. Bd2 Bxc4 14.
Qxc4 Qxd2 15. e5 dxe5 16. Bxb7 Rab8 17. Rfd1 Qa5 18. Qc6 e4 19. a3 e3 20.
fxe3 Ng4 21. Rab1 Ne5 22. Qa6 Qxa6 23. Bxa6 Rb6 24. Nc7 Ng4 25. b4 Be5 26.
Be2 Nxe3 27. Rd7 Rb7 28. Rc1 Rc8 29. Kf2 Rbxc7 30. Rcxc7 Rxc7 31. Rxc7 Bxc7
32. Kxe3 Bb6+ 33. Ke4 e6 34. a4 Bg1 35. h3 Bf2 36. g4 f5+ 37. Kd3 Kf7 38.
a5 e5 39. gxf5 gxf5 40. b5 Ke6 41. Kd2 e4 42. b6 axb6 43. a6 b5 44. Bxb5
Ke5 45. Be8 Bb6 46. Ke2 f4 47. Bh5 Kf5 0-1

[Event "29th Czech Open A 2018"]
[Site "Pardubice CZE"]
[Date "2018.07.28"]
[Round "9.25"]
[White "Gallego Alcaraz, Andres Felipe"]
[Black "Rahul, Srivatshav P"]
[Result "1-0"]
[WhiteElo "2504"]
[BlackElo "2397"]
[EventDate "2018.07.21"]

1. d4 Nf6 2. c4 g6 3. Nc3 Bg7 4. e4 d6 5. Nf3 O-O 6. Be2 e5 7. O-O Nc6 8.
d5 Ne7 9. Ne1 Nd7 10. Be3 f5 11. f3 f4 12. Bf2 g5 13. a4 a5 14. Nd3 b6 15.
b4 axb4 16. Nxb4 h5 17. Nd3 Nf6 18. a5 Rxa5 19. Rxa5 bxa5 20. Nb5 Ng6 21.
Na7 Ba6 22. Qa4 g4 23. Qc6 g3 24. Be1 Nxe4 25. fxe4 Qh4 26. h3 f3 27. Bxf3
Bh6 28. Qxa6 Be3+ 29. Kh1 Qxe4 30. c5 Nh4 31. Nxe5 Qxe5 32. Nc6 Qb2 33.
Ne7+ Kg7 34. Qe2 Bd4 35. Qxb2 Bxb2 36. Bxa5 Rxf3 37. Rxf3 Nxf3 38. gxf3
dxc5 39. Bxc7 1-0

[Event "29th Czech Open A 2018"]
[Site "Pardubice CZE"]
[Date "2018.07.28"]
[Round "9.26"]
[White "Gutman, Gennadi"]
[Black "Sadhwani, Raunak"]
[Result "1/2-1/2"]
[WhiteElo "2476"]
[BlackElo "2409"]
[EventDate "2018.07.21"]

1. Nf3 Nf6 2. d4 g6 3. c4 Bg7 4. Nc3 O-O 5. e4 d6 6. Be2 e5 7. dxe5 dxe5 8.
Qxd8 Rxd8 9. Bg5 Re8 10. Nd5 Nxd5 11. cxd5 c6 12. Bc4 cxd5 13. Bxd5 1/2-1/2

[Event "29th Czech Open A 2018"]
[Site "Pardubice CZE"]
[Date "2018.07.28"]
[Round "9.27"]
[White "Malinovsky, Karel"]
[Black "Frolov, Artur"]
[Result "1/2-1/2"]
[WhiteElo "2472"]
[BlackElo "2393"]
[EventDate "2018.07.21"]

1. e4 c5 2. Nf3 Nc6 3. d4 cxd4 4. Nxd4 e6 5. Nc3 d6 6. Be2 Nf6 7. Be3 Be7
8. Qd2 a6 9. O-O-O O-O 10. f4 Qc7 11. g4 Nxd4 12. Bxd4 e5 13. Be3 Bxg4 14.
Bxg4 Nxg4 15. Nd5 Qd7 16. Rhg1 Nxe3 17. Qxe3 exf4 18. Qxf4 Qe6 19. Rdf1
Rae8 20. a3 Bd8 21. Kb1 f5 22. Qg3 g5 23. Nc7 f4 24. Qc3 Qxe4 25. Nxe8 Qxe8
26. h4 h6 27. hxg5 hxg5 28. Rh1 Bf6 29. Qd3 Rf7 30. Qg6+ Kf8 31. Re1 Qb5
32. b3 f3 33. Rh7 Qd7 34. Rf1 Rxh7 35. Qxf6+ Rf7 36. Qh8+ Ke7 37. Re1+ Qe6
38. Rxe6+ Kxe6 39. Qe8+ Kf6 40. Qe3 g4 41. Kc1 Kg6 42. Qe6+ Kg7 43. Qxg4+
Kf8 44. Qh3 f2 45. Qf1 Ke7 46. Kd2 d5 47. Kd3 Kd6 48. a4 Rf6 49. a5 Rf3+
50. Ke2 Rf6 51. c3 Kc5 52. Ke3 Kd6 53. Qxf2 Rxf2 54. Kxf2 Kc5 55. Ke3 Kb5
56. Kd4 Kxa5 57. Kc5 b5 58. Kxd5 Kb6 59. b4 a5 60. bxa5+ 1/2-1/2